01020nam a2200241Ia 4500001000600000003000900006008004100015040001300056040001300069041001300082100002900095100002900124245005200153245005100205250001100256260001100267260001200278260004900290300004100339500034200380650002500722650003100747 2485IT-RoPAU130308s9999 xx 000 0 und d aIT-RoPAU cIT-RoPAU aITALIANO aFlores D'Arcais Giuseppe gCodice Aut. SPICS: 6577 aCinema (Il)-Il film nella esperienza giovanile  bCinema (Il)-Il Film nella Esperienza Giovanile a1a ed. aPADOVA bLiviana c1953 [1° Ed.:1953 - Ed.Ling.Originale:1953] a"308 p. (prefazione: 8; testo: 300)" aFenomenologia del Cinema Identificazione Realtà e Cinema Esperienza Filmica Cinema Come Arte Cinema Didattico Radio e Giovani Radio nella Educazionecinema e spettatore Linguaggio Filmico Radio e Sua Espressione Contenuto del Fim e Sua Valutazione Teoriche Formalistiche del Cinema Cinema ed Estetica Comunicabilità dell'Opera d'arte  aEDUCAZIONE AL CINEMA eCodice materia Spics: 6812